000 00513nam a2200181 a 4500
001 000041346
005 20201002034817.0
008 131001s2007 sp a 000 0 spa d
020 _a9788466369824
040 _aDO-SdBNP
_bspa
_cBNPHU
082 _axxx
_bxxxx
245 0 0 _aLazarillo de tormes.
260 _aMadrid :
_bSantillana ediciones generales,
_c2007.
300 _a139 p. :
_bil. ;
_c19 cm.
490 1 _aPunto de lectura
_v5
504 _aBibliografía p: 137-139
830 0 _aPunto de lectura
_v5
_93047
999 _c40836
_d40836